00506nam a22001337a 4500008004100000040005500041080002400096245013200120260005100252300001000303650001400313653002600327700001900353230410b |||||||| |||| 00| 0 eng d aNational Science LibrarycNational Science Library aD 02.001.6(540)bK7 aProgress of libraries in free india: bBeing a symposium on library science by some eminent and experienced librarians of India aNew Delhi: bNew Book Society of India, c1967 a247p. aLibraries aLibrary documentation aSen, N B (Ed.)